កំរងលិខិតបទដ្ឋានស្តីពីបមាណី និងការគ្រប់គ្រងសម្ភារៈកសិកម្ម (Record no. 10235)
[ view plain ]
| 000 -LEADER | |
|---|---|
| fixed length control field | 00418nam a22001217a 4500 |
| 040 ## - CATALOGING SOURCE | |
| Transcribing agency | HS |
| 082 ## - DEWEY DECIMAL CLASSIFICATION NUMBER | |
| Classification number | 346 |
| 100 ## - MAIN ENTRY--AUTHOR NAME | |
| Personal name | នុត ចន្ថា |
| 245 ## - TITLE STATEMENT | |
| Title | កំរងលិខិតបទដ្ឋានស្តីពីបមាណី និងការគ្រប់គ្រងសម្ភារៈកសិកម្ម |
| 260 ## - PUBLICATION, DISTRIBUTION, ETC. (IMPRINT) | |
| Place of publication | Cambodia |
| Name of publisher | នុត ចន្ថា |
| Year of publication | NA |
| 300 ## - PHYSICAL DESCRIPTION | |
| Number of Pages | 18p; |
| 942 ## - ADDED ENTRY ELEMENTS (KOHA) | |
| Koha item type | សៀវភៅភាសាខ្មែរ |
| 952 ## - LOCATION AND ITEM INFORMATION (KOHA) | |
| Withdrawn status [LOCAL, KOHA] | 0 |
| 952 ## - LOCATION AND ITEM INFORMATION (KOHA) | |
| Withdrawn status [LOCAL, KOHA] | 0 |
| 952 ## - LOCATION AND ITEM INFORMATION (KOHA) | |
| Withdrawn status [LOCAL, KOHA] | 0 |
| Permanent Location | Date acquired | Koha item type | Lost status | Shelving location | Barcode | Current Location | Full call number |
|---|---|---|---|---|---|---|---|
| Library Block C | 2016-09-22 | សៀវភៅភាសាខ្មែរ | C198 | RUA042259 | Library Block C | 346 នុត NA C198 | |
| Library Block C | 2016-09-22 | សៀវភៅភាសាខ្មែរ | C198 | RUA042245 | Library Block C | 346 នុត NA C198 | |
| Library Block C | 2016-09-22 | សៀវភៅភាសាខ្មែរ | C197 | RUA043175 | Library Block C | 346 នុត NA C197 |